| 000 | 00617nam a22002177a 4500 | ||
|---|---|---|---|
| 003 | BUBTL | ||
| 008 | 171121b xxu||||| |||| 00| 0 eng d | ||
| 020 | _a978-0-618-83345-0 | ||
| 082 |
_a658 _bGRM |
||
| 100 |
_980 _aGriffin, Ricky W. |
||
| 245 |
_aManagement _cGriffin, Ricky W. |
||
| 250 | _a9th | ||
| 260 |
_aNew York _bHoughton Mifflin Company _c2008 |
||
| 300 |
_a[xxix] , 737p . : _bill , Graph ,Table, Map ; 22cm . |
||
| 500 | _aIncludes Index . | ||
| 650 | 0 |
_939 _aManagement |
|
| 700 |
_980 _aGriffin, Ricky W. |
||
| 856 |
_k0 _l0 _yDownload |
||
| 942 |
_2ddc _cBK |
||
| 999 |
_c5557 _d5557 |
||